000 00722nam a2200241Ia 4500
001 dia_2689
003 CHAP
005 20230310124227.0
008 220117s1992 xx 000 0 und d
010 _a173208
040 _cCHAP
082 _a664 S6
100 _aSpanier, A.M. ed.
_9153357
245 _aFood Flavor and Safety; Molecular Analysis and Desing /
_c by A.M. Sapanier and Others
260 _aSn. Francisco California, American Chemical Society
_c1992
300 _a352P.
400 _a(ACS SYMPOSIUM SERIES, 528)
650 _aAlimentos
_xBiotecnología
_9153358
901 _a664 S6
902 _aM
905 _a0000001992 CALA 0000000000ING00
942 _cLIBRO
_2ddc
999 _c173208
_d173208